Osobné aplikácie cez konverzačné nástroje

Saved in:
Bibliographic Details
Main Author: Ulrichová, Barbora (Author)
Other Authors: Šrámka, Michal (Thesis advisor)
Format: Manuscript Book
Language:Slovak
Published: Bratislava : STU v Bratislave FEI, 2023
Subjects:
Online Access:https://opac.crzp.sk/?fn=detailBiblioFormChildGIRA0&sid=F806E6B7D49B8C8B156CFAF8458C&seo=CRZP-detail-kniha
Tags: Add Tag
No Tags, Be the first to tag this record!

MARC

LEADER 00000ntm a22000003a 4500
001 stuzp92915
003 SK-STU
005 20241219132602.6
007 ta
008 150427s2015----xo-----f-mn---000-0-slo-d
040 |a STU  |b slo 
041 0 |a slo 
044 |a xo 
100 1 |a Ulrichová, Barbora  |u 035000  |4 aut  |U FEI Fakulta elektrotechniky a informatiky  |T FEI Ústav informatiky a matematiky  |X 98016  |U E050  |Y 816  |7 98016 
242 0 1 |a Personal applications through conversational interfaces  |y eng 
245 1 0 |a Osobné aplikácie cez konverzačné nástroje 
260 |a Bratislava :  |b STU v Bratislave FEI,  |c 2023 
300 |a 67 s. 
650 4 |a chatbot  |2 slo 
650 4 |a cloud computing  |2 slo 
650 4 |a koverzačné nástroje  |2 slo 
650 4 |a cloud computing  |2 eng 
650 4 |a chatbots  |2 eng 
650 4 |a conversational tools  |2 eng 
700 1 |a Šrámka, Michal  |u 035000  |k Z1  |4 ths  |U FEI Fakulta elektrotechniky a informatiky  |T FEI Ústav informatiky a matematiky  |X 62214  |U E050  |Y 816  |7 A000062214 
856 4 |u https://opac.crzp.sk/?fn=detailBiblioFormChildGIRA0&sid=F806E6B7D49B8C8B156CFAF8458C&seo=CRZP-detail-kniha